Tea pests and diseases, and their control, with special reference to north east India.

Saved in:
Bibliographic Details
Main Author: Hainsworth, Ernest
Format: Book
Language:English
Published: Cambridge [Eng.] W. Heffer [1952]
Subjects:
LEADER 00874nam a2200229 4500
001 c000102210
003 CARM
005 00000000000000.0
008 920106s1952 enka 00100 eng
010 |a 53023657 /L 
019 1 |a 8602994  |5 LACONCORD2021 
035 |a (OCoLC)4850550  |5 LACONCORD2021 
050 0 0 |a SB608.T3  |b H2 
100 1 |a Hainsworth, Ernest. 
245 1 0 |a Tea pests and diseases, and their control,  |b with special reference to north east India.  |c With a foreword by H. H. Mann. 
260 |a Cambridge [Eng.]  |b W. Heffer  |c [1952] 
300 |a 130 p.  |b illus.  |c 23 cm. 
650 0 |a Tea  |x Diseases and pests. 
852 8 |b CARM  |h A2:AD38B0  |i B03134  |p 0139129  |f BK 
082 0 4 |a 633.72 
999 f f |i 2fff3b7e-b31b-5495-8e70-11f96baba941  |s 0b8c28ac-af93-5403-add0-ef18fe0a9434 
952 f f |p Can circulate  |a CAVAL  |b CAVAL  |c CAVAL  |d CARM 1 Store  |e B03134  |f A2:AD38B0  |h Other scheme  |i book  |m 0139129